• 首页
  • 本馆介绍
  • 公告通知
  • 最新文献
  • 馆藏检索
  • 电子资源
  • 读者导购
  • 参考咨询
  • 我的图书馆
  • 登录
  • 详细信息显示
  • 放入我的书架
  • 预约/预借图书
  • 作者相关作品
  • 分类相关作品
  • 丛书相关作品
  • 出版社相关作品

书目信息

  • 表格格式
  • 工作单格式
  • 卡片格式
题名:
办学路上行与思
    
 
作者: 强新志 著
分册:  
出版信息: 北京   北京师范大学出版社  2016
页数: 281页
开本: 24cm
丛书名: 教育家文丛
单 册:
中图分类: G471.2
科图分类:
主题词: 校长--xiao chang--学校管理--研究
电子资源:
ISBN: 978-7-303-20951-4
000 00919nam 2200265 450
001 012001001144
005 20131026112501.0
010    @a978-7-303-20951-4@dCNY36.00
099    @aCAL 012016139881
100    @a20161101d2016 em y0chiy50 ea
101 0  @achi
102    @aCN@b110000
105    @ay z 000yy
106    @ar
200 1  @a办学路上行与思@Aban xue lu shang xing yu si@f强新志著
210    @a北京@c北京师范大学出版社@d2016
215    @a281页@d24cm
225 2  @a教育家文丛@Ajiao yu jia wen cong
330    @a本书分为我的教育思考、我的教育探索两篇, 主要内容包括: 办学校要有大教育观 ; 办学校要以人为本 ; 办学校规划要先行 ; 走特色办学之路 ; 在体制创新中求发展 ; 一体化办学的探索等。
410  0 @12001 @a教育家文丛
606 0  @a校长@Axiao chang@x学校管理@x研究
690    @aG471.2@v5
701  0 @a强新志@Aqiang xin zhi@4著
801  2 @aCN@b上海新华@c20191020
905    @b1222713-6@dG471.2@e213@f4
    
    办学路上行与思/强新志著.-北京:北京师范大学出版社,2016
    281页;24cm.-(教育家文丛)
    
    
    ISBN 978-7-303-20951-4:CNY36.00
    本书分为我的教育思考、我的教育探索两篇, 主要内容包括: 办学校要有大教育观 ; 办学校要以人为本 ; 办学校规划要先行 ; 走特色办学之路 ; 在体制创新中求发展 ; 一体化办学的探索等。
●
相关链接 在E读中查询图书 在五车中查询图书 在当当中查询图书 在豆瓣中查询图书


正题名:办学路上行与思     索取号:G471.2/213         预约/预借

序号 登录号 条形码 馆藏地/架位号 状态 备注
1 1222713   212227133   第一样本阅览室/ [索取号:G471.2/213] 在馆    
2 1222714   212227142   教育系资料室/ [索取号:G471.2/213] 在馆    
3 1222715   212227151   教育系资料室/ [索取号:G471.2/213] 在馆    
4 1222716   212227160   第四借阅区/ [索取号:G471.2/213] 在馆    
唐山师范学院图书馆 欢迎您!
大连网信软件有限公司© 版权所有